000 01225nam a2200241Ia 4500
003 OSt
005 20200819215939.0
008 191128s2015 ck fr 000 0 spa d
040 _aCO-JMCR
_cCO-JMCR
041 0 _aspa
082 0 4 _a346.86 /
_bA473b
_223
100 1 _aÁlvarez Vargas, Víctor,
_eautor
_99013
245 1 0 _aBalance de los acuerdos de la Habana /
_cVíctor Álvarez Vargas y Ricardo Rubianogroot Roman
260 _a[Bogotá :
_bGrupo de Pensamiento Estratégico,
_c2015?]
300 _a40 páginas ;
_c22 cm.
505 0 _aPolítica de desarrollo agrario integral -- Participación política -- Fin del conflicto -- Solución al problema de las drogas ilícitas -- Víctimas -- Implementación, verificación y refrendación
520 3 _aEl estudio sobre el acuerdo final entre el Gobierno y las Farc elaborado por los señores MG. EJC (RA). Víctor Alvarez Vargas y el MG. (RA) FAC Ricardo Rubianogroot Román, es un juicioso análisis de cómo se desarrolló la negociación de los puntos.
650 1 4 _aDiálogos de paz
_99014
650 1 4 _aProceso de paz
_zColombia
_98036
650 1 4 _aAcuerdos de paz
_zColombia
_98532
700 1 _aRubianogroot Roman, Ricardo,
_eautor
_99015
942 _2ddc
_cBK
999 _c3822
_d3822